Nazwy geograficzne w nazwach potraw - Quiz ze zdjęciami - Statystyki

Ogólne statystyki
  • Ten quiz został rozwiązany 804 razy
  • Średni wynik to 13 z 20
Statystyki odpowiedzi
Obrazkowy Hint Odpowiedź % Poprawnych
Pierogi z farszem twarogowo-ziemnieczanym Pierogi {ruskie}
95%
Smażone filety rybne z duszonymi warzywami Ryba po {grecku}
95%
Kanapka z mięsem mielonym i dodatkami {Hamburg}er
86%
Makaron spaghetti z sosem pomidorowo-mięsnym Spaghetti {bolognese}
85%
Rodzaj gotowanych klusek na bazie ziemniaków o mąki Kluski {śląskie}
84%
Dwukrotnie smażone kawałki ziemniaków Frytki {belgijskie}
80%
Fasola duszona w sosie pomidorowym z mięsem Fasolka po {bretońsku}
78%
Zupa z buraków z dodatkiem kapusty i ziemniaków Barszcz {ukraiński}
77%
Zmielone rybne mięso z m.in. ryżem, pomidorami i cebulą Paprykarz {szczeciński}
70%
Najsłynniejszy rodzaj pierników {Toruńskie} pierniki
61%
Ostry sos na bazie papryczek chilli Sos {Tabasco}
59%
Kawałki mięsa duszone z papryką i cebulą Gulasz {węgierski}
58%
Pieczywo uformowane w kształt okręgu z posypką {Krakowski} obwarzanek
53%
Filet z cielęciny panierowany w bułce tartej Sznycel {wiedeński}
51%
Rodzaj pizzy z mozarellą, pomidorami i bazylią Pizza {napoletana}
47%
Zupa na bazie botwinki podawana na zimno Chłodnik {litewski}
46%
Rodzaj kruchego ciasta przełożonego kremem śmietankowym {Karpat}ka
43%
Rodzaj prosciutto z niską zawarością soli Szynka {parmeńska}
42%
Sos na bazie żółtek jak, masła i soku z cytryny Sos {holenderski}
31%
Pieczona, marynowana i glazurowana kaczka Kaczka po {pekińsku}
22%
Nie znaleziono quizów pasujących do podanych kryteriów
Rozkład punktacji
Procent ludzi z każdym wynikiem
Percentyl według liczby udzielonych odpowiedzi
Twoja historia wyników
Nie rozwiązałeś tego quizu